La Segunda

Uloženo v:
Podrobná bibliografie
Hlavní autor: Colette
Médium: Kniha
Jazyk:Undetermined
Vydáno: Barcelona, España Editorial Argos Vergara 1982
Témata:
Tagy: Přidat tag
Žádné tagy, Buďte první, kdo vytvoří štítek k tomuto záznamu!

MARC

LEADER 00000nam a2200000Ia 4500
008 170316s9999 xx 000 0 und d
040 |a cru BVZT 
090 |a 840 C-9s 
100 |a Colette 
245 |a La Segunda 
260 |a Barcelona, España 
260 |b Editorial Argos Vergara 
260 |c 1982 
300 |a 161 páginas 
650 |a LITERATURA FRANCESA 
999 |c 7618  |d 7618 
942 |c 15 D  |h 840 C-9s  |2 z